书目信息 |
| 题名: |
老学庵笔记
|
|
| 作者: | 陆游 撰 | |
| 分册: | ||
| 出版信息: | 北京 中华书局 1979 |
|
| 页数: | 156页 | |
| 开本: | 20cm | |
| 丛书名: | 唐宋史料笔记丛刊 | |
| 单 册: | ||
| 中图分类: | I264.4 , K245.06 , I242.1 | |
| 科图分类: | ||
| 主题词: | 笔记--中国--南宋 , 史料--中国--南宋 , 小说--中国 | |
| 电子资源: | ||
| ISBN: | ||
| 000 | 00747oam2 2200289 450 | |
| 001 | 1558207061 | |
| 005 | 20150123161036.84 | |
| 010 | @dCNY0.60 | |
| 091 | @a11018.812 | |
| 100 | @a19950724d1979 em y0chiy0110 ea | |
| 101 | 0 | @achi |
| 102 | @aCN@b110000 | |
| 105 | @ay z 000yy | |
| 200 | 1 | @a老学庵笔记@Alao xue an bi ji@f(宋)陆游撰 |
| 210 | @a北京@c中华书局@d1979 | |
| 215 | @a156页@d20cm | |
| 225 | 2 | @a唐宋史料笔记丛刊 |
| 461 | 0 | @12001 @a唐宋史料笔记丛刊 |
| 606 | 0 | @a笔记@y中国@z南宋 |
| 606 | 0 | @a史料@y中国@z南宋 |
| 606 | 0 | @a小说@x中国 |
| 690 | @aI264.4@v3 | |
| 690 | @aK245.06@v3 | |
| 690 | @aI242.1@v4 | |
| 701 | 0 | @c(宋)@a陆游@Alu you@f(1125~1210)@4撰 |
| 801 | 0 | @aCN@bNLC@c20101222 |
| 905 | @aZUCC@dI242.1@eJY33 | |
| 老学庵笔记/(宋)陆游撰.-北京:中华书局,1979 |
| 156页;20cm.-(唐宋史料笔记丛刊) |
| ISBN :CNY0.60 |
| ● |
| 相关链接 |
|
|
|
|
正题名:老学庵笔记
索取号:I242.1/JY33
 
预约/预借
| 序号 | 登录号 | 条形码 | 馆藏地/架位号 | 状态 | 备注 |
| 1 | 7839849 | 278398495 | 学院路分馆/ [索取号:I242.1/JY33] | 在馆 | |
| 2 | 7839850 | 278398501 | 学院路分馆/ [索取号:I242.1/JY33] | 在馆 |